000 00220nam a22000977a 4500
999 _c521802
_d521802
082 _aTNC
100 _aGyan, Ramana
_936033
245 _aDirect Path
260 _aNew Delhi
_bVijay Financial Services
_c2007
300 _a48p.